000 00621nam a22001937a 4500
003 NUST - PNEC
005 20170116181200.0
008 160209b xxu||||| |||| 00| 0 eng d
020 _a9780071761574
040 _cLIBRARY
082 _a621.3121 SHE
100 _916316
_aShea, Kevin
245 _aBuild your own small wind power system
_cKevin Shea
260 _aNew York
_bMcGraw Hall
_cc.2012
300 _a472
650 _916318
_aWind power
_xME
856 _uhttp://www.amazon.com/Build-Your-Small-Power-System/dp/0071761578/ref=sr_1_1?ie=UTF8&qid=1455000389&sr=8-1&keywords=9780071761574
942 _2ddc
_cBK
999 _c71420
_d71420